[Event "22. Copenhagen Open  (Politiken Cup)"]
[Site "Copenhagen"]
[Date "2000.07.19"]
[Round "3"]
[White "Lund, Silas"]
[Black "Hector, Jonny"]
[Result "0-1"]
[WhiteElo "2261"]
[BlackElo "2509"]
[PlyCount "56"]
[EventDate "2000.07.17"]
[EventType "swiss"]
[EventRounds "11"]
[EventCountry "DEN"]
[SourceDate "2004.01.01"]

1. c4 Nf6 2. Nc3 e5 3. Nf3 Nc6 4. g3 d5 5. cxd5 Nxd5 6. Bg2 Nb6 7. O-O Be7 8.
d3 Be6 9. Be3 f5 10. Rc1 O-O 11. Na4 f4 12. Bc5 Bd6 13. Nd2 Qe8 14. Ne4 Nxa4
15. Qxa4 Nd4 16. Qd1 Bxc5 17. Rxc5 Bg4 18. f3 Bd7 19. Qd2 c6 20. b4 b6 21. Rcc1
Qg6 22. e3 Ne6 23. Bh3 Rad8 24. exf4 Nd4 25. Bxd7 Rxd7 26. Kg2 exf4 27. Rc4 Nf5
28. Re1 Nh4+ 0-1

[Event "22. Copenhagen Open  (Politiken Cup)"]
[Site "Copenhagen"]
[Date "2000.07.19"]
[Round "3"]
[White "Malvild, Robert"]
[Black "Nielsen, Borge Hjerrild"]
[Result "0-1"]
[WhiteElo "2029"]
[BlackElo "2153"]
[PlyCount "108"]
[EventDate "2000.07.17"]
[EventType "swiss"]
[EventRounds "11"]
[EventCountry "DEN"]
[SourceDate "2004.01.01"]

1. e4 c6 2. d4 d5 3. Nd2 dxe4 4. Nxe4 Nd7 5. Nf3 Ngf6 6. Nxf6+ Nxf6 7. Ne5 Be6
8. c3 g6 9. Be2 Bg7 10. h4 Nd7 11. Nd3 Bc4 12. b3 Bxd3 13. Qxd3 Qc7 14. Ba3 e6
15. g3 O-O-O 16. O-O Rhe8 17. Rfe1 e5 18. dxe5 Nxe5 19. Qe3 Kb8 20. Bf1 Qc8 21.
Qf4 Bh6 22. Qxh6 Nf3+ 23. Kh1 Nxe1 24. Bc5 Qf5 25. Be3 Qe4+ 26. Kg1 Nf3+ 27.
Kh1 Nxh4+ 28. Kg1 Nf3+ 29. Kh1 Nh4+ 30. Kg1 Nf5 31. Bf4+ Ka8 32. Qg5 h6 33. Qf6
g5 34. Bc7 Rd7 35. Ba5 Qe5 36. Qxe5 Rxe5 37. Bb4 g4 38. a4 a5 39. Ba3 h5 40. b4
h4 41. gxh4 Nxh4 42. bxa5 Rxa5 43. Bb4 Re5 44. c4 f5 45. Bc3 Re6 46. a5 f4 47.
a6 Nf3+ 48. Kg2 b6 49. c5 b5 50. a7 Rh7 51. Bd3 Rh2+ 52. Kf1 Rh1+ 53. Kg2 Rxa1
54. Bxa1 Ne1+ 0-1

[Event "22. Copenhagen Open  (Politiken Cup)"]
[Site "Copenhagen"]
[Date "2000.07.19"]
[Round "3"]
[White "Manley, Christian"]
[Black "Hoff, Terje"]
[Result "0-1"]
[WhiteElo "1204"]
[BlackElo "2051"]
[PlyCount "66"]
[EventDate "2000.07.17"]
[EventType "swiss"]
[EventRounds "11"]
[EventCountry "DEN"]
[SourceDate "2004.01.01"]

1. d4 Nf6 2. c4 c5 3. d5 b5 4. e3 g6 5. Nc3 b4 6. Nb1 Bg7 7. a3 Na6 8. Nf3 O-O
9. g3 d6 10. Bg2 bxa3 11. Nxa3 Nb4 12. O-O Bf5 13. Bd2 Ne4 14. Bxb4 cxb4 15.
Nc2 Bxb2 16. Rb1 Nc3 17. Qd2 Nxb1 18. Rxb1 Bc3 19. Qd1 Rb8 20. Rb3 a5 21. Ncd4
a4 22. Rxc3 bxc3 23. Nxf5 gxf5 24. Ng5 f6 25. Ne6 Qb6 26. Qh5 Qb1+ 27. Bf1 c2
28. Qxf5 c1=Q 29. Qg4+ Qg6 30. Qh3 Rb1 31. Nxf8 Qxf1+ 32. Qxf1 Rxf1+ 33. Kxf1
Kxf8 0-1

[Event "22. Copenhagen Open  (Politiken Cup)"]
[Site "Copenhagen"]
[Date "2000.07.19"]
[Round "3"]
[White "Mashiri, Arthur"]
[Black "Rytter, Morten"]
[Result "1/2-1/2"]
[WhiteElo "2045"]
[BlackElo "1576"]
[PlyCount "113"]
[EventDate "2000.07.17"]
[EventType "swiss"]
[EventRounds "11"]
[EventCountry "DEN"]
[SourceDate "2004.01.01"]

1. e4 c5 2. Nf3 e6 3. d4 cxd4 4. Nxd4 Nf6 5. Nc3 Nc6 6. Nxc6 bxc6 7. Bd2 d5 8.
Bd3 d4 9. Na4 e5 10. Qe2 Bd7 11. b3 Ba3 12. O-O O-O 13. Rab1 c5 14. f4 exf4 15.
Bxf4 Re8 16. Bg5 Re5 17. Bxf6 gxf6 18. Qf2 Rb8 19. Qh4 Bxa4 20. bxa4 Rxb1 21.
Rxb1 Bb4 22. Rf1 Kg7 23. Qg4+ Kh8 24. Bc4 Qe7 25. Bd5 Rg5 26. Qf4 Kg7 27. h4
Re5 28. Qg4+ Kh8 29. Qc8+ Kg7 30. Rf3 Be1 31. Qg4+ Kh8 32. Rb3 Qe8 33. Qf4 Kg7
34. Rf3 Qe7 35. Qg4+ Kh8 36. Kf1 h5 37. Qf4 Kg7 38. Kxe1 Rxd5 39. Kd2 Re5 40.
Rg3+ Kh7 41. Kd3 Qe6 42. Rf3 Kg7 43. g4 hxg4 44. Rg3 f5 45. exf5 Qxf5+ 46. Qxf5
Rxf5 47. Rxg4+ Kf8 48. Kc4 a6 49. Rg5 Rxg5 50. hxg5 Kg7 51. Kxc5 Kg6 52. Kxd4
Kxg5 53. c4 f5 54. c5 Kf6 55. c6 Ke7 56. Kc5 Kd8 57. a5 1/2-1/2

[Event "22. Copenhagen Open  (Politiken Cup)"]
[Site "Copenhagen"]
[Date "2000.07.19"]
[Round "3"]
[White "Matthiesen, Martin"]
[Black "Schmidt, Horst"]
[Result "1-0"]
[WhiteElo "2300"]
[BlackElo "2025"]
[PlyCount "75"]
[EventDate "2000.07.17"]
[EventType "swiss"]
[EventRounds "11"]
[EventCountry "DEN"]
[SourceDate "2004.01.01"]

1. d4 d5 2. c4 e6 3. Nc3 Nf6 4. cxd5 exd5 5. Bg5 Be7 6. e3 Be6 7. Bd3 Nbd7 8.
Nge2 O-O 9. O-O c6 10. f3 c5 11. Qd2 cxd4 12. exd4 h6 13. Bf4 Re8 14. Nb5 Rf8
15. Bc7 Qc8 16. Rac1 Nc5 17. Bd6 Bxd6 18. Nxd6 Qd7 19. dxc5 a6 20. b4 b6 21.
Qf4 bxc5 22. bxc5 Nh5 23. Qe5 Nf6 24. Nd4 Ne8 25. Nxe8 Rfxe8 26. Qd6 Qa4 27.
Nxe6 fxe6 28. Bg6 Rad8 29. Qe5 Re7 30. Rc2 Qc6 31. Rb1 d4 32. Rb6 Qd7 33. Rd6
Qc8 34. Rxd8+ Qxd8 35. c6 Qb6 36. c7 d3+ 37. Qc5 Qb1+ 38. Rc1 1-0

[Event "22. Copenhagen Open  (Politiken Cup)"]
[Site "Copenhagen"]
[Date "2000.07.19"]
[Round "3"]
[White "McShane, Rod"]
[Black "Nielsen, Jens Holm"]
[Result "0-1"]
[WhiteElo "1400"]
[BlackElo "2060"]
[PlyCount "56"]
[EventDate "2000.07.17"]
[EventType "swiss"]
[EventRounds "11"]
[EventCountry "DEN"]
[SourceDate "2004.01.01"]

1. e4 e5 2. Nf3 d6 3. h3 f5 4. d3 Nf6 5. exf5 Bxf5 6. Nc3 c6 7. Bg5 Be7 8. Qd2
Nbd7 9. Be2 O-O 10. O-O-O b5 11. g4 Be6 12. Ne4 Bd5 13. Nxf6+ Nxf6 14. Kb1 e4
15. Bxf6 exf3 16. Bxe7 Qxe7 17. Bf1 Qf7 18. b3 Rae8 19. g5 Qf4 20. Qxf4 Rxf4
21. c3 c5 22. c4 Bc6 23. h4 b4 24. Kb2 Re2+ 25. Kb1 Rxf2 26. Bh3 Re2 27. h5 f2
28. Rhf1 Kf7 0-1

[Event "22. Copenhagen Open  (Politiken Cup)"]
[Site "Copenhagen"]
[Date "2000.07.19"]
[Round "3"]
[White "Mortensen, Henrik"]
[Black "Tjornsted, Peter"]
[Result "1-0"]
[WhiteElo "2089"]
[BlackElo "1868"]
[PlyCount "47"]
[EventDate "2000.07.17"]
[EventType "swiss"]
[EventRounds "11"]
[EventCountry "DEN"]
[SourceDate "2004.01.01"]

1. e4 g6 2. d4 Bg7 3. Nc3 d6 4. Nge2 Nd7 5. Be3 e5 6. g3 b6 7. Bg2 Bb7 8. O-O
Ne7 9. Qd2 h5 10. h4 exd4 11. Nxd4 Ne5 12. b3 Qd7 13. a4 N5c6 14. Nde2 a5 15.
Rad1 Nd8 16. Rfe1 Ne6 17. f4 Qc6 18. Nd5 Rd8 19. f5 gxf5 20. exf5 Nxd5 21. fxe6
fxe6 22. c4 Qd7 23. cxd5 e5 24. Bg5 1-0

[Event "22. Copenhagen Open  (Politiken Cup)"]
[Site "Copenhagen"]
[Date "2000.07.19"]
[Round "3"]
[White "Maechel, Michael"]
[Black "Jorgensen, Orla Eilegaard"]
[Result "1-0"]
[WhiteElo "1611"]
[BlackElo "1297"]
[PlyCount "135"]
[EventDate "2000.07.17"]
[EventType "swiss"]
[EventRounds "11"]
[EventCountry "DEN"]
[SourceDate "2004.01.01"]

1. e4 Nf6 2. Nc3 d6 3. d4 c6 4. Nf3 Bg4 5. h3 Bh5 6. Be2 Bg6 7. e5 Ne4 8. Nxe4
Bxe4 9. O-O e6 10. Ng5 Bg6 11. c3 Be7 12. Nf3 O-O 13. Qb3 b5 14. Bf4 a5 15. a4
b4 16. cxb4 axb4 17. Rfe1 dxe5 18. dxe5 Nd7 19. Red1 Qc7 20. a5 Nc5 21. Qxb4
Nb7 22. Qb6 Qxb6 23. axb6 Rxa1 24. Rxa1 Bc5 25. Be3 Rb8 26. Ra7 Bxe3 27. fxe3
Be4 28. Nd2 Bc2 29. Bf3 Nd8 30. Nc4 Bb3 31. Na5 Bd5 32. Bxd5 cxd5 33. b7 Nxb7
34. Rxb7 Rxb7 35. Nxb7 Kf8 36. b4 Ke7 37. b5 Kd7 38. Kf2 Kc7 39. Nd6 Kb6 40.
Kf3 f6 41. Kf4 g5+ 42. Kg4 fxe5 43. Kxg5 Kc5 44. Nf7 e4 45. Kf6 d4 46. exd4+
Kxb5 47. Nd6+ Kc6 48. Nxe4 Kd5 49. Ng5 Kxd4 50. Nxe6+ Ke4 51. Ng5+ Kf4 52. Nxh7
Kg3 53. Kg5 Kxg2 54. h4 Kf3 55. h5 Ke4 56. h6 Ke5 57. Nf8 Kd6 58. h7 Ke7 59.
h8=Q Kf7 60. Qf6+ Ke8 61. Ng6 Kd7 62. Kf5 Kc8 63. Ke5 Kd7 64. Qd6+ Kc8 65. Ne7+
Kb7 66. Kd5 Ka8 67. Kc6 Ka7 68. Kc7 1-0

[Event "22. Copenhagen Open  (Politiken Cup)"]
[Site "Copenhagen"]
[Date "2000.07.19"]
[Round "3"]
[White "Nielsen, Anders Bodholt"]
[Black "Lonborg, Morten"]
[Result "1-0"]
[WhiteElo "2055"]
[BlackElo "2166"]
[PlyCount "117"]
[EventDate "2000.07.17"]
[EventType "swiss"]
[EventRounds "11"]
[EventCountry "DEN"]
[SourceDate "2004.01.01"]

1. d4 Nf6 2. Nf3 c5 3. c4 cxd4 4. Nxd4 e5 5. Nb5 d5 6. cxd5 Bc5 7. e3 O-O 8.
Be2 Bf5 9. O-O Nbd7 10. Nd2 Rc8 11. Nb3 Bb6 12. Bd2 Nxd5 13. Rc1 Qe7 14. Na5 a6
15. Na3 Nc5 16. N5c4 Ba7 17. Ba5 b6 18. Qxd5 bxa5 19. Nd6 Qd7 20. Nxc8 Qxc8 21.
Nc4 Rd8 22. Qxe5 Bb8 23. Qc3 Qc7 24. f4 Ba7 25. Rcd1 Re8 26. Kh1 Ne4 27. Qb3 h6
28. Bd3 h5 29. Bxe4 Bxe4 30. Nd6 Rb8 31. Qc3 Bc6 32. Rc1 Rb6 33. Nc4 Rb5 34.
Ne5 Rc5 35. Qb3 Rxc1 36. Rxc1 Bxg2+ 37. Kxg2 Qxc1 38. Qxf7+ Kh7 39. Qxh5+ Kg8
40. Qf7+ Kh7 41. Qh5+ Kg8 42. Qe8+ Kh7 43. Qg6+ Kg8 44. Qf7+ Kh7 45. Qxa7 Qd2+
46. Kf3 Qd5+ 47. Ke2 Qg2+ 48. Kd3 Qxb2 49. Qf7 Qb1+ 50. Ke2 Qc2+ 51. Kf3 Qxh2
52. Qg6+ Kg8 53. Ng4 Qh3+ 54. Kf2 Qh4+ 55. Kg2 Qe7 56. Nh6+ Kh8 57. Nf5 Qb7+
58. Kg3 a4 59. Qxg7+ 1-0

[Event "22. Copenhagen Open  (Politiken Cup)"]
[Site "Copenhagen"]
[Date "2000.07.19"]
[Round "3"]
[White "Nielsen, Dagh"]
[Black "Helin, Mikael"]
[Result "1-0"]
[WhiteElo "1576"]
[BlackElo "2066"]
[PlyCount "69"]
[EventDate "2000.07.17"]
[EventType "swiss"]
[EventRounds "11"]
[EventCountry "DEN"]
[SourceDate "2004.01.01"]

1. e4 c5 2. Nf3 a6 3. c3 d5 4. exd5 Nf6 5. d4 cxd4 6. Qxd4 b5 7. c4 b4 8. b3 g6
9. a3 Bg7 10. Bb2 Qa5 11. axb4 Qxb4+ 12. Qc3 Qd6 13. Nbd2 Nbd7 14. Ba3 Qf4 15.
g3 Qh6 16. Bg2 Ne4 17. Qc1 Ndc5 18. O-O Nc3 19. Qe1 Nxd5 20. cxd5 Ne6 21. dxe6
Bxe6 22. Nd4 Bxd4 23. Bc6+ Kf8 24. Bxa8 Kg7 25. Bg2 Bc3 26. Ra2 Bh3 27. Qe3
Qxe3 28. fxe3 Bf5 29. Bb2 Rc8 30. Bxc3+ Rxc3 31. Kf2 Bd3 32. Rfa1 f5 33. Bf1 e5
34. Bxd3 Rxd3 35. Ke2 1-0

[Event "22. Copenhagen Open  (Politiken Cup)"]
[Site "Copenhagen"]
[Date "2000.07.19"]
[Round "3"]
[White "Nielsen, Michael B"]
[Black "Madhy, Nezar"]
[Result "1/2-1/2"]
[WhiteElo "1421"]
[BlackElo "1682"]
[PlyCount "51"]
[EventDate "2000.07.17"]
[EventType "swiss"]
[EventRounds "11"]
[EventCountry "DEN"]
[SourceDate "2004.01.01"]

1. d4 Nf6 2. c4 e6 3. Nc3 Bb4 4. Qc2 b6 5. Nf3 Bb7 6. a3 Bxc3+ 7. Qxc3 O-O 8.
Bf4 d5 9. e3 Nbd7 10. Bd3 Re8 11. Qc2 h6 12. cxd5 Nxd5 13. Bg3 Rc8 14. Qa4 a5
15. Rc1 c6 16. O-O b5 17. Qd1 Qb6 18. Ne5 Nxe5 19. Bxe5 Qd8 20. Qg4 Nf6 21.
Bxf6 Qxf6 22. Qe4 g6 23. Bxb5 e5 24. Bc4 exd4 25. Qxd4 Qg5 26. Qf4 1/2-1/2

[Event "22. Copenhagen Open  (Politiken Cup)"]
[Site "Copenhagen"]
[Date "2000.07.19"]
[Round "3"]
[White "Nielsen, Morten"]
[Black "Damgaard, Sven"]
[Result "1-0"]
[WhiteElo "2094"]
[BlackElo "1887"]
[PlyCount "73"]
[EventDate "2000.07.17"]
[EventType "swiss"]
[EventRounds "11"]
[EventCountry "DEN"]
[SourceDate "2004.01.01"]

1. e4 e5 2. Bc4 Bc5 3. Nc3 d6 4. d3 c6 5. a4 Qf6 6. Qf3 Qxf3 7. gxf3 Be6 8.
Nge2 Ne7 9. f4 Bxc4 10. dxc4 f5 11. exf5 Nxf5 12. Ne4 Bb6 13. N2g3 Nd4 14. Kd1
Ke7 15. a5 Bc7 16. Be3 g6 17. fxe5 dxe5 18. Bg5+ Kf7 19. Ra3 Nd7 20. Rd3 h6 21.
Be3 Ke6 22. Bxd4 exd4 23. Re1 Ne5 24. Nc5+ Kf7 25. Rxd4 Rad8 26. Rxd8 Rxd8+ 27.
Kc1 Nf3 28. Re2 b6 29. axb6 axb6 30. Ne6 Rd7 31. Nxc7 Rxc7 32. Re4 g5 33. Nf5
Kg6 34. Nd4 Nxh2 35. Re6+ Kg7 36. Nf5+ Kf8 37. Rxh6 1-0

[Event "22. Copenhagen Open  (Politiken Cup)"]
[Site "Copenhagen"]
[Date "2000.07.19"]
[Round "3"]
[White "Nielsen, Nicholas Roland"]
[Black "Petersen, Lars"]
[Result "0-1"]
[WhiteElo "1864"]
[BlackElo "2097"]
[PlyCount "64"]
[EventDate "2000.07.17"]
[EventType "swiss"]
[EventRounds "11"]
[EventCountry "DEN"]
[SourceDate "2004.01.01"]

1. e4 d5 2. exd5 Qxd5 3. Nc3 Qa5 4. Bc4 Nf6 5. d4 c6 6. Qe2 Bf5 7. Nf3 Ne4 8.
O-O Nxc3 9. bxc3 Nd7 10. Bb3 Bg4 11. Bb2 Qh5 12. Rfe1 e6 13. d5 cxd5 14. Rad1
Bxf3 15. gxf3 Bd6 16. f4 Qxe2 17. Rxe2 Bxf4 18. Bxd5 O-O-O 19. Bg2 Nb6 20. Rd4
Rxd4 21. cxd4 Rd8 22. c3 Kc7 23. Re4 g5 24. Bf1 Na4 25. Ba1 Bd2 26. d5 Nc5 27.
Rd4 Rxd5 28. Rxd5 exd5 29. c4 dxc4 30. Bxc4 Ne6 31. Kg2 Kd6 32. Bd3 Nf4+ 0-1

[Event "22. Copenhagen Open  (Politiken Cup)"]
[Site "Copenhagen"]
[Date "2000.07.19"]
[Round "3"]
[White "Nielsen, Rune"]
[Black "Jorgensen, Morten S"]
[Result "1-0"]
[WhiteElo "1611"]
[BlackElo "1223"]
[PlyCount "57"]
[EventDate "2000.07.17"]
[EventType "swiss"]
[EventRounds "11"]
[EventCountry "DEN"]
[SourceDate "2004.01.01"]

1. d4 Nf6 2. c4 g6 3. Nc3 Bg7 4. e4 d6 5. Nf3 O-O 6. Be2 c5 7. d5 Nbd7 8. Bd2
a6 9. O-O Rb8 10. Qc2 Qc7 11. a3 a5 12. Rab1 b6 13. b4 Ba6 14. bxa5 bxa5 15.
Bd3 Ng4 16. Nb5 Bxb5 17. cxb5 Qb6 18. Be1 Nde5 19. Nd2 Nxd3 20. Qxd3 Ne5 21.
Qh3 Rfc8 22. f4 c4+ 23. Bf2 Qb7 24. fxe5 Bxe5 25. Nf3 Bg7 26. Nd4 Bxd4 27. Bxd4
Rf8 28. Qc3 Qc7 29. b6 1-0

[Event "22. Copenhagen Open  (Politiken Cup)"]
[Site "Copenhagen"]
[Date "2000.07.19"]
[Round "3"]
[White "Nilssen, John Arni"]
[Black "Nielsen, Jan Mose"]
[Result "1-0"]
[WhiteElo "2354"]
[BlackElo "2030"]
[PlyCount "47"]
[EventDate "2000.07.17"]
[EventType "swiss"]
[EventRounds "11"]
[EventCountry "DEN"]
[SourceDate "2004.01.01"]

1. d4 Nf6 2. c4 c5 3. d5 b5 4. cxb5 a6 5. b6 Bb7 6. Nc3 Qxb6 7. e4 e6 8. Nf3
Be7 9. Be2 exd5 10. e5 Ng4 11. Nxd5 Bxd5 12. Qxd5 Ra7 13. O-O O-O 14. Ng5 Qh6
15. Bxg4 Bxg5 16. Qxc5 Rb7 17. e6 Rb5 18. exf7+ Rxf7 19. Qc4 Qc6 20. Qd3 Bxc1
21. Raxc1 Rc5 22. Rxc5 Qxc5 23. Bf3 Rf6 24. Qb3+ 1-0

[Event "22. Copenhagen Open  (Politiken Cup)"]
[Site "Copenhagen"]
[Date "2000.07.19"]
[Round "3"]
[White "Nilsson, Lars Kjoller"]
[Black "Adamski, Jan"]
[Result "1/2-1/2"]
[WhiteElo "2061"]
[BlackElo "2381"]
[PlyCount "23"]
[EventDate "2000.07.17"]
[EventType "swiss"]
[EventRounds "11"]
[EventCountry "DEN"]
[SourceDate "2004.01.01"]

1. e4 c5 2. Nf3 e6 3. d4 cxd4 4. Nxd4 Nc6 5. Be3 Nf6 6. Bd3 e5 7. Nb3 d5 8.
exd5 Nxd5 9. Qe2 Be7 10. O-O O-O 11. Rd1 Qc7 12. Bxh7+ 1/2-1/2

[Event "22. Copenhagen Open  (Politiken Cup)"]
[Site "Copenhagen"]
[Date "2000.07.19"]
[Round "3"]
[White "Nilsson, Nils Specht"]
[Black "Ginsburg, Mark"]
[Result "0-1"]
[WhiteElo "2188"]
[BlackElo "2402"]
[Annotator "Mark Ginsburg"]
[PlyCount "58"]
[EventDate "2000.07.17"]
[EventType "swiss"]
[EventRounds "11"]
[EventCountry "DEN"]
[SourceDate "2004.01.01"]

1. Nf3 g6 2. g3 Bg7 3. Bg2 c5 4. O-O Nc6 5. c4 e5 6. d3 Nge7 7. Nc3 O-O 8. Ne1
d6 9. Nc2 Be6 10. Ne3 Qd7 11. Ned5 h5 12. e4 h4 13. Nxe7+ Nxe7 14. Nd5 Nxd5 (
14... hxg3 {is more accurate, because in the game 16. gxh4 is surprisingly
possible}) 15. cxd5 Bh3 16. f3 hxg3 17. hxg3 b5 18. g4 $2 {white cannot afford
this, he's too far behind in development} Bxg2 19. Kxg2 f5 20. gxf5 $2 {
makes matters even worse. Black is effectualy attacking with an extra rook.}
gxf5 21. Rh1 Rf6 22. Rh3 Kf7 23. Qh1 ({White seemed to be reaching for} 23. Be3
{which leads to a beautiful "chimney mate"} f4 24. Bf2 Rg6+ 25. Kh2 Qxh3+ $1 {
and mate}) 23... c4 $1 {Decesive breakthrough} 24. Bg5 Rg6 25. Rg3 Rh8 26. Qg1
Bf6 $1 {The simplest; white loses heavy material} 27. Kf2 Rhg8 28. Qh2 Bxg5 29.
Rag1 Be3+ 0-1

[Event "22. Copenhagen Open  (Politiken Cup)"]
[Site "Copenhagen"]
[Date "2000.07.19"]
[Round "3"]
[White "Paaske, Asger"]
[Black "Olsen, Miriam Frida"]
[Result "1-0"]
[WhiteElo "2038"]
[BlackElo "1437"]
[PlyCount "45"]
[EventDate "2000.07.17"]
[EventType "swiss"]
[EventRounds "11"]
[EventCountry "DEN"]
[SourceDate "2004.01.01"]

1. e4 a6 2. c4 e5 3. Nf3 Nc6 4. d4 exd4 5. Nxd4 Qh4 6. Nc3 Bb4 7. Qd3 Bxc3+ 8.
bxc3 Nf6 9. Nf5 Qxe4+ 10. Qxe4+ Nxe4 11. Nxg7+ Kd8 12. Bd3 Rg8 13. Bh6 Nf6 14.
Bg5 Ke7 15. Nf5+ Ke6 16. f4 Ne8 17. O-O f6 18. Rae1+ Kf7 19. Nh6+ Kf8 20. Nxg8
fxg5 21. fxg5+ Kxg8 22. Rxe8+ Kg7 23. Rff8 1-0

[Event "22. Copenhagen Open  (Politiken Cup)"]
[Site "Copenhagen"]
[Date "2000.07.19"]
[Round "3"]
[White "Palo, Davor"]
[Black "Mortensen, Erling"]
[Result "0-1"]
[WhiteElo "2213"]
[BlackElo "2438"]
[PlyCount "86"]
[EventDate "2000.07.17"]
[EventType "swiss"]
[EventRounds "11"]
[EventCountry "DEN"]
[SourceDate "2004.01.01"]

1. d4 g6 2. c4 Bg7 3. Nc3 c5 4. d5 Bxc3+ 5. bxc3 f5 6. h4 Nf6 7. h5 Rg8 8. hxg6
hxg6 9. Nf3 d6 10. Ng5 Qa5 11. Bd2 Nbd7 12. e3 Ne5 13. f4 Nf7 14. Nxf7 Kxf7 15.
Bd3 Bd7 16. Qf3 Rh8 17. Ke2 Qa4 18. g3 b5 19. Rxh8 Rxh8 20. Rh1 Rxh1 21. Qxh1
bxc4 22. Bb1 Kg7 23. g4 Nxg4 24. e4 Bc8 25. Qh4 Qe8 26. Qg5 e6 27. Kf1 Nh6 28.
e5 Ng4 29. exd6 exd5 30. Bc2 Qd7 31. Bd1 Nf6 32. Be3 Qxd6 33. Qg1 d4 34. cxd4
Nd5 35. Bc1 c3 36. dxc5 Ba6+ 37. Be2 Bxe2+ 38. Kxe2 Qa6+ 39. Ke1 Qc4 40. Qf2 a5
41. Qe2 Qxc5 42. Qe5+ Kf7 43. Ba3 Qg1+ 0-1

[Event "22. Copenhagen Open  (Politiken Cup)"]
[Site "Copenhagen"]
[Date "2000.07.19"]
[Round "3"]
[White "Pedersen, Christian Kyndel"]
[Black "Baekgaard, Martin"]
[Result "1/2-1/2"]
[WhiteElo "2127"]
[BlackElo "2170"]
[PlyCount "45"]
[EventDate "2000.07.17"]
[EventType "swiss"]
[EventRounds "11"]
[EventCountry "DEN"]
[SourceDate "2004.01.01"]

1. Nf3 d6 2. e4 Nf6 3. Nc3 e5 4. d4 Nbd7 5. Bc4 Be7 6. O-O O-O 7. h3 c6 8. a4
exd4 9. Nxd4 Nc5 10. Re1 Re8 11. Qf3 Ncd7 12. Bf4 Ne5 13. Bxe5 dxe5 14. Nf5
Bxf5 15. exf5 Bb4 16. Red1 Qb6 17. Ne4 Nxe4 18. Qxe4 Bc5 19. a5 Bxf2+ 20. Kf1
Qc5 21. b4 Qe3 22. Qxe3 Bxe3 23. Rd7 $11 1/2-1/2

[Event "22. Copenhagen Open  (Politiken Cup)"]
[Site "Copenhagen"]
[Date "2000.07.19"]
[Round "3"]
[White "Pedersen, Kaj Vinding"]
[Black "Dencker, Martin"]
[Result "1-0"]
[WhiteElo "1619"]
[BlackElo "1331"]
[PlyCount "91"]
[EventDate "2000.07.17"]
[EventType "swiss"]
[EventRounds "11"]
[EventCountry "DEN"]
[SourceDate "2004.01.01"]

1. d4 d5 2. Nf3 Nc6 3. Bf4 Bf5 4. a3 e6 5. e3 a6 6. c4 Nf6 7. Nc3 Ne4 8. Rc1 h5
9. cxd5 exd5 10. Qb3 Nxc3 11. Rxc3 Na5 12. Qa4+ Nc6 13. Ne5 g5 14. Nxc6 Qd7 15.
Bxg5 Rg8 16. h4 Rg6 17. Bb5 Rc8 18. Ne5 Qxb5 19. Qxb5+ axb5 20. Nxg6 fxg6 21.
O-O c6 22. Rfc1 Ra8 23. Bf4 b4 24. axb4 Bxb4 25. Rb3 Bd2 26. Rc5 Bc8 27. Kh2
Ra4 28. Kg3 Kd7 29. Be5 Bb4 30. Rc1 Bd6 31. Bxd6 Kxd6 32. Kf4 Kc7 33. Kg5 Bf5
34. f3 b5 35. Rxb5 Kd6 36. Rb6 Rc4 37. Rxc4 dxc4 38. e4 Kc7 39. Rb4 Be6 40.
Kxg6 c5 41. dxc5 Kc6 42. Rb6+ Kxc5 43. Rxe6 Kb4 44. Rb6+ Kc5 45. Rb8 Kd4 46.
Kxh5 1-0

[Event "22. Copenhagen Open  (Politiken Cup)"]
[Site "Copenhagen"]
[Date "2000.07.19"]
[Round "3"]
[White "Petersen, Kim Linde"]
[Black "Andersen, Matias Lolk"]
[Result "1-0"]
[WhiteElo "1454"]
[BlackElo "1096"]
[PlyCount "107"]
[EventDate "2000.07.17"]
[EventType "swiss"]
[EventRounds "11"]
[EventCountry "DEN"]
[SourceDate "2004.01.01"]

1. e4 e5 2. Nf3 Nc6 3. Bc4 Nd4 4. Nxd4 exd4 5. d3 Nf6 6. Qf3 d6 7. Bg5 Be7 8.
Nd2 h6 9. Bxf6 Bxf6 10. O-O-O O-O 11. Qh5 Be6 12. h4 Qd7 13. Bxe6 fxe6 14. Qg4
Rad8 15. Nf3 e5 16. Qxd7 Rxd7 17. Kd2 c6 18. Ke2 Re8 19. g4 Bd8 20. g5 h5 21.
g6 d5 22. Rdg1 dxe4 23. dxe4 Bf6 24. Rh3 Re6 25. Ng5 Re8 26. Rf3 Bxg5 27. Rxg5
Rd6 28. Rff5 c5 29. Rxe5 Rxe5 30. Rxe5 Kf8 31. Rxc5 Rxg6 32. Rxh5 Rh6 33. Rf5+
Ke7 34. h5 g6 35. hxg6 Rxg6 36. Kd3 Rd6 37. Rd5 Rc6 38. Rxd4 Rd6 39. Rxd6 Kxd6
40. Kd4 b6 41. f4 b5 42. e5+ Ke6 43. Ke4 a5 44. f5+ Ke7 45. Kd5 b4 46. e6 a4
47. a3 b3 48. cxb3 Ke8 49. Kd6 axb3 50. f6 Kd8 51. f7 Kc8 52. f8=Q+ Kb7 53. Qd8
Ka7 54. Kc6 1-0

[Event "22. Copenhagen Open  (Politiken Cup)"]
[Site "Copenhagen"]
[Date "2000.07.19"]
[Round "3"]
[White "Preuss, Flemming"]
[Black "Moller, Arne"]
[Result "1-0"]
[WhiteElo "2072"]
[BlackElo "2026"]
[PlyCount "49"]
[EventDate "2000.07.17"]
[EventType "swiss"]
[EventRounds "11"]
[EventCountry "DEN"]
[SourceDate "2004.01.01"]

1. e4 c5 2. Nc3 d6 3. f4 e6 4. Nf3 g6 5. Bc4 Bg7 6. O-O Nc6 7. d3 a6 8. a4 Nge7
9. Qe1 O-O 10. f5 d5 11. Bb3 Nd4 12. Nxd4 Bxd4+ 13. Kh1 dxe4 14. dxe4 exf5 15.
Qh4 Kh8 16. Bh6 Be6 17. Rad1 Ng8 18. Bg5 Qb6 {[#]} 19. Rxd4 cxd4 20. Bf6+ Nxf6
21. Qxf6+ Kg8 22. Nd5 Bxd5 23. Qxb6 Bxe4 24. Rd1 Rfe8 25. Qf6 1-0

[Event "22. Copenhagen Open  (Politiken Cup)"]
[Site "Copenhagen"]
[Date "2000.07.19"]
[Round "3"]
[White "Rasmussen, Casper Dahl"]
[Black "Mikhalevski, Victor"]
[Result "0-1"]
[WhiteElo "2281"]
[BlackElo "2532"]
[PlyCount "104"]
[EventDate "2000.07.17"]
[EventType "swiss"]
[EventRounds "11"]
[EventCountry "DEN"]
[SourceDate "2004.01.01"]

1. e4 e5 2. Nf3 Nc6 3. d4 exd4 4. Nxd4 Nf6 5. Nxc6 bxc6 6. e5 Qe7 7. Qe2 Nd5 8.
c4 Nb6 9. Nc3 Ba6 10. Qe4 Qe6 11. b3 O-O-O 12. f4 f5 13. Qc2 Bc5 14. Bb2 g5 15.
Bd3 gxf4 16. O-O-O Qxe5 17. Rhe1 Be3+ 18. Kb1 Qc5 19. Bxf5 Kb8 20. Bd3 d5 21.
cxd5 Bxd3 22. Qxd3 Rhg8 23. g3 cxd5 24. gxf4 Bxf4 25. Nb5 Rde8 26. Nd4 Rxe1 27.
Rxe1 Bxh2 28. Qxh7 Rg2 29. Qh8+ Kb7 30. Rc1 Qe7 31. Nc6 Qe4+ 32. Ka1 Rc2 33.
Nd8+ Ka6 34. Rxc2 Qxc2 35. Qc3 Qd1+ 36. Qc1 Qxc1+ 37. Bxc1 Be5+ 38. Kb1 Bf6 39.
Ne6 Kb7 40. Bf4 c6 41. Nc5+ Kc8 42. Kc2 Be7 43. Na6 Nd7 44. Kd3 Nf8 45. Nc7 Kd7
46. Bg3 Bd6 47. Bxd6 Kxd6 48. Ne8+ Ke5 49. Nc7 Ne6 50. Ne8 a5 51. Kc3 Nc5 52.
b4 d4+ 0-1